000
00330nam a22001457a 4500
008
210222b ||||| |||| 00| 97804717542130 eng d
020
_a
9780471754213
041
_a
eng
080
_a
004
082
_a
004
100
_a
28
101
_a
SHKI
245
_a
Windows Vista for Dummies
_c
Rathbone, A
942
_2
udc
_c
BK
999
_c
55104
_d
55104